| 000 | 00906nam a2200325 a 4500 | ||
|---|---|---|---|
| 003 | AR-BaBNM | ||
| 005 | 20251128204818.0 | ||
| 008 | 082120s2002 ||||||||||||||000 | spa|| | ||
| 040 | _cAR-BaBNM | ||
| 100 | 1 | _aFirth, Raymond | |
| 245 | 0 | 0 |
_aTipos humanos _buna introducción a la antropología social |
| 250 | _a6ª ed. | ||
| 260 |
_aBuenos Aires _bEudeba _c1977 |
||
| 300 |
_a250 p. _bil., gráfs., mapas |
||
| 490 | 0 | _aLectores de Eudeba | |
| 504 | _aBibliografía: p. 237-246 | ||
| 650 | 4 | _aSOCIOLOGIA CULTURAL | |
| 650 | 4 | _aANTROPOLOGIA CULTURAL Y SOCIAL | |
| 650 | 4 | _aCOSTUMBRES Y TRADICIONES | |
| 650 | 4 | _aGRUPOS ETNICOS | |
| 650 | 4 | _aESTRUCTURA SOCIAL | |
| 650 | 4 | _aCAMBIO SOCIAL | |
| 650 | 4 | _aCAMBIO CULTURAL | |
| 650 | 4 | _aETNOLOGIA | |
| 650 | 4 | _aETNOGRAFIA | |
| 700 | 1 |
_aBalay, Roxana _etraductor |
|
| 700 | 1 |
_aBórmida, Marcelo _erevisión |
|
| 942 | _cBK | ||
| 998 | _cGrace | ||
| 999 |
_c8924 _d8924 |
||